000 00450 a2200157 4500
005 20251224115222.0
008 251223b |||||||| |||| 00| 0 eng d
020 _a9780979550843
082 _a711.5/MOR
100 _aMorrish W
_9215927
245 _aGrowing Urban Habitats:Seeking A New Housing Development Model
260 _bWilliam Stout Publishers
_c2009
_aSan Francisco
300 _a255p
_bPB
700 _aschindler S
_9216088
942 _cBK
999 _c369461
_d369461